| 000 | 00000nam##2200000za#4500 |
| 001 | 9.615541 |
| 003 | CaOODSP |
| 005 | 20200514165629 |
| 007 | ta |
| 008 | 150406|1999||||xxc||||| f|0| 0 eng|d |
| 020 | |a0-662-30192-7 |
| 040 | |aCaOODSP|beng |
| 043 | |an-cn--- |
| 086 | 1 |aNH18-22/99-112E |
| 110 | 2 |aCanada Mortgage and Housing Corporation. |
| 245 | 10|aQualification of the degree of acoustic comfort in multi-family buildings |
| 260 | |aOttawa - Ontario : |bCanada Mortgage and Housing Corporation |c1999. |
| 300 | |a1p. ; |c28 cm. |
| 490 | 1 |aResearch highlight. Technical series |v99-112 |
| 563 | |aPamphlet |
| 590 | |a01-11|b2001-03-16 |
| 690 | 07|aHousing|2gcpds |
| 690 | 07|aConstruction materials|2gcpds |
| 775 | 08|tQualification du degré de confort acoustique dans les édifices multilogements |w(CaOODSP)9.625601 |
| 776 | 0#|tQualification of the degree of acoustic comfort in multi-family buildings |w(CaOODSP)9.572269 |
| 830 | #0|aResearch highlight. Technical series ;|v99-112|w(CaOODSP)9.514826 |
| 986 | |a60975 |